000
00358nam a22001217a 4500
040
_c
SK
082
_a
178
100
_a
ង៉ោ ប៊ុនថាន
245
_a
Project development and management; ការអភិវឌ្ឍន៏ និងគ្រប់គ្រងគំរោង
260
_a
RUA
_b
ង៉ោ
_c
2008
300
_a
51p.
942
_c
KB
999
_c
9998
_d
9998